000 01070cab a2200385 4500
001 ABS53557
008 090401t1995 xxu||||| |||| 00| 0 eng d
035 _a(Sirsi) u5083
041 _aeng
245 _aFocus `95 : Glasgow and West Scotland
260 _c1995
350 _a0
490 _aEstates Gazette
_v(9539) 30 September 1995, 99-139(20)
650 _aAYR
650 _aBUSINESS PARKS
650 _aDUMFRIES
650 _aGLASGOW
650 _aINDUSTRIAL MARKET
650 _aIRVINE
650 _aKILMARNOCK
650 _aLOCAL GOVERNMENT
650 _aPROPERTY-COMMERCIAL PROPERTY-OFFICE PROPERTY-OFFICE PROPERTY MARKET
650 _aREFORM
650 _aREGIONAL COUNCILS
650 _aRESTRUCTURE
650 _aPROPERTY-COMMERCIAL PROPERTY-RETAIL PROPERTY-RETAIL PROPERTY MARKET
650 _aRETAIL PARKS
650 _aSCOTLAND
650 _aSHOPPING CENTRES
650 _aSTRATHCLYDE
650 _aSUPERSTORES
690 _aPROPERTY-COMMERCIAL PROPERTY-COMMERCIAL PROPERTY MARKET
942 _n0
948 _c04/03/1997
999 _c3048
_d3048